Central Library OPAC University of Rajshahi

নীল রঙ রক্ত / (Record no. 44742)

MARC details
000 -LEADER
fixed length control field 00795nam a22002297a 4500
001 - CONTROL NUMBER
control field 44742
003 - CONTROL NUMBER IDENTIFIER
rucl marc code BD-RjUL
005 - DATE AND TIME OF LATEST TRANSACTION
control field 20211209053917.0
008 - FIXED-LENGTH DATA ELEMENTS--GENERAL INFORMATION
fixed length control field 160720s1965 bg ||||| |||| 00| 0 ben d
020 ## - INTERNATIONAL STANDARD BOOK NUMBER
Terms of availability : TK. 4.00
035 ## - SYSTEM CONTROL NUMBER
System control number (BD-RjUL)44860
040 ## - CATALOGING SOURCE
Original cataloging agency BD-RjUL
Language of cataloging ben
Transcribing agency BD-RjUL
041 ## - LANGUAGE CODE
Language code of text/sound track or separate title ben
082 ## - DEWEY DECIMAL CLASSIFICATION NUMBER
Edition number 23
Classification number 891.43
Author mark and year JAN 1965
100 ## - MAIN ENTRY--PERSONAL NAME
Personal name জয়েন উদ্দীন, সরদার
9 (RLIN) 137175
245 ## - TITLE STATEMENT
Title নীল রঙ রক্ত /
Statement of responsibility, etc. সরদার জয়েন উদ্দীন
260 ## - PUBLICATION, DISTRIBUTION, ETC. (IMPRINT)
Place of publication, distribution, etc. ঢাকা :
Name of publisher, distributor, etc. ষ্ঠুডেন্ট ওয়েজ,
Date of publication, distribution, etc. ১৯৬৫
300 ## - PHYSICAL DESCRIPTION
Pagination [ছয়],১৬৭ পৃ. ;
Size ২৩ সেমি.
650 ## - SUBJECT ADDED ENTRY--TOPICAL TERM
Topical term or geographic name as entry element হিন্দি সাহিত্য
9 (RLIN) 136059
Topical term or geographic name as entry element Hindi Literature
9 (RLIN) 136060
942 ## - ADDED ENTRY ELEMENTS (KOHA)
Source of classification or shelving scheme Dewey Decimal Classification
Koha item type Books
Holdings
Lost status Source of classification or shelving scheme Damaged status Not for loan Collection code Permanent Location Current Location Shelving location Date acquired Source of acquisition Cost, normal purchase price Total Checkouts Full call number Date last seen Copy number Koha item type
  Dewey Decimal Classification     Non-fiction Central Library, University of Rajshahi Central Library, University of Rajshahi   10/02/1967 Nowroz Kitabisthan, Dhaka 4.00   B 891.43 JAN 1965 20/07/2016 C-2 Books